000 00957nam a22002537a 4500
008 081119t xxu||||| |||| 00| 0 eng d
010 _aENG-91670
020 _a9788184550795
_c650.00
035 _aEN-75203
037 _bDBAD / PUB
040 _adpl
_bEnglish
082 _a307.1412
245 _aRural development and education /
_cedited by Madan Mohan
260 _aNew Delhi
_bOmega Publications
_c2008
270 _a4398/5, Ansari Road, Daryaganj,
_bNew Delhi
_e110002
300 _avi, 284p.
_c22cm (Hb)
500 _aIncludes bibliographical references and index
650 _aRural development
650 _aCommunity development
650 _aEducation
_xSocial aspects
700 _aMadan Mohan
942 _2ddc
_cEN
_mRUR
_h307.1412
999 _c18747
_d18747